| 000 | 00658nam a2200193 a 4500 | ||
|---|---|---|---|
| 005 | 20140414093840.0 | ||
| 008 | 071008s19uu xx 00 eng d | ||
| 050 |
_aDVD 220.6 _bBIB 2006 |
||
| 245 | _aJoseph and his multi-colored coat--Joshua and the battle of Jericho. | ||
| 260 |
_aUnited Kingdom : _bBBC Worlwide, _c2006. |
||
| 300 | _a1 DVD, 93.39 min. | ||
| 440 | _aBBC Bible mysteries | ||
| 500 | _a"2 Titles in 1 DVD"--Cover. | ||
| 520 | _aContents: Joseph and the multi-coloured coat--Joshua and the battle of Jericho. | ||
| 650 | _aDocumentary films. | ||
| 650 |
_aBible _xCriticism _xInterpretation, etc. |
||
| 942 | _cAVM | ||
| 999 |
_c109257 _d109257 |
||